[Event "Blankenese op 3rd"]
[Site "Hamburg"]
[Date "2019.10.04"]
[Round "3"]
[White "Gonzales Leon, Heriberto"]
[Black "Luebeck, Stephan"]
[Result "1-0"]
[WhiteElo "1647"]
[BlackElo "1989"]
[PlyCount "95"]
[EventDate "2019.10.03"]
[EventType "swiss"]
[EventRounds "7"]
[EventCountry "GER"]
[SourceTitle "EXT 2023"]
[Source "ChessBase"]
[SourceDate "2022.10.05"]
[SourceVersion "1"]
[SourceVersionDate "2022.10.05"]
[SourceQuality "1"]

1. e4 g6 2. c3 Bg7 3. Bc4 c6 4. d4 d5 5. exd5 cxd5 6. Bd3 Nc6 7. Nf3 Nf6 8. Bg5 0-0 9. 0-0 Bg4 10. Re1 h6 11. Bc1 Re8 12. Nbd2 Nh5 13. h3 Bxf3 14. Nxf3 Qd6 15. Qb3 b6 16. Ba6 Rad8 17. Qa4 Rb8 18. Bb5 Rec8 19. Bxc6 Rxc6 20. Qxa7 Re8 21. Ne5 Rc7 22. Qa4 Rf8 23. g4 Nf6 24. Bf4 g5 25. Bh2 Ne4 26. Nd3 Qd7 27. Qd1 Ra7 28. f3 Nd6 29. Ne5 Bxe5 30. dxe5 Ne8 31. Qd4 Qc6 32. f4 gxf4 33. Bxf4 Ng7 34. Qd2 Kh7 35. Red1 f5 36. g5 Qg6 37. Kh2 hxg5 38. Bxg5 f4 39. Bxf4 Nh5 40. Bg5 Rf3 41. Rf1 Rd3 42. Qe2 Ng3 43. Qg4 Nxf1+ 44. Rxf1 Rxa2 45. Qh4+ Kg8 46. Bc1 Rxb2+ 47. Bxb2 Rd2+ 48. Rf2 1-0

[Event "SVE Seniors op 2nd"]
[Site "Eidelstedt"]
[Date "2019.07.22"]
[Round "3"]
[White "Zippert, Georg"]
[Black "Luebeck, Stephan"]
[Result "1-0"]
[WhiteElo "1847"]
[BlackElo "2006"]
[PlyCount "75"]
[EventDate "2019.07.15"]
[EventType "swiss"]
[EventRounds "7"]
[EventCountry "GER"]
[SourceTitle "EXT 2020"]
[Source "ChessBase"]
[SourceDate "2019.10.17"]
[SourceVersion "1"]
[SourceVersionDate "2019.10.17"]
[SourceQuality "1"]

1. e4 g6 2. d4 Bg7 3. Nf3 d6 4. Be2 Nc6 5. 0-0 Nf6 6. Nc3 0-0 7. h3 e5 8. Be3 exd4 9. Nxd4 Re8 10. Nxc6 bxc6 11. Bf3 Nd7 12. Bd4 Ne5 13. Be2 c5 14. Be3 Rb8 15. Rb1 Be6 16. Bd2 Qd7 17. b3 Nc6 18. Nd5 Nd4 19. Bd3 c6 20. Nf4 Nb5 21. Qc1 Nc3 22. Ra1 Re7 23. a4 d5 24. Bxc3 Bxc3 25. Rb1 Rbe8 26. Ne2 Bg7 27. Rd1 Qc7 28. Nf4 Be5 29. Nxe6 fxe6 30. Qg5 Rf7 31. f3 Kg7 32. Qd2 Bd4+ 33. Kh1 Qg3 34. Qe1 Bf2 35. Qf1 Ref8 36. Rd2 Rxf3 37. gxf3 Qxf3+ 38. Qg2 1-0

[Event "SVE Seniors op 2nd"]
[Site "Eidelstedt"]
[Date "2019.07.15"]
[Round "1"]
[White "Raedisch, Peter"]
[Black "Luebeck, Stephan"]
[Result "0-1"]
[WhiteElo "1660"]
[BlackElo "2006"]
[PlyCount "89"]
[EventDate "2019.07.15"]
[EventType "swiss"]
[EventRounds "7"]
[EventCountry "GER"]
[SourceTitle "EXT 2020"]
[Source "ChessBase"]
[SourceDate "2019.10.17"]
[SourceVersion "1"]
[SourceVersionDate "2019.10.17"]
[SourceQuality "1"]

1. e4 g6 2. d4 Bg7 3. Bc4 d6 4. c3 Nc6 5. Nf3 Nf6 6. Bd3 e5 7. d5 Ne7 8. Na3 0-0 9. h3 c6 10. c4 Bd7 11. 0-0 Nh5 12. Nh2 Nf4 13. Bc2 cxd5 14. Rb1 d4 15. Qf3 g5 16. g4 Neg6 17. Bxf4 Nxf4 18. Kh1 a6 19. Bd3 Re8 20. Nc2 Re6 21. Rg1 Rc8 22. Nb4 Rf6 23. Qg3 Be6 24. Nd5 Bxd5 25. cxd5 Nxd3 26. Qxd3 Rxf2 27. Rgf1 Rcc2 28. Rxf2 Rxf2 29. Qg3 Rf4 30. Re1 Qa5 31. Rc1 Qd2 32. Qe1 Qxe1+ 33. Rxe1 Rf2 34. Rb1 Bf6 35. Rf1 Rxf1+ 36. Nxf1 Bd8 37. Kg2 Ba5 38. Ng3 Kf8 39. Nf5 Bc7 40. Kf2 Ke8 41. Ke2 Kd7 42. Kd3 Bd8 43. b3 Ba5 44. Kc4 Be1 45. Kd3 0-1

[Event "Hamburg-ch Seniors 50+"]
[Site "Hamburg"]
[Date "2018.10.24"]
[Round "2"]
[White "Kurbangulov, Viktor"]
[Black "Luebeck, Stephan"]
[Result "0-1"]
[WhiteElo "1856"]
[BlackElo "1987"]
[PlyCount "91"]
[EventDate "2018.10.23"]
[EventType "swiss"]
[EventRounds "7"]
[EventCountry "GER"]
[SourceTitle "CBM 190 Extra"]
[Source "ChessBase"]
[SourceDate "2019.07.15"]
[SourceVersion "1"]
[SourceVersionDate "2019.07.15"]
[SourceQuality "1"]

1. d4 g6 2. Nf3 Bg7 3. Nc3 d6 4. e4 c6 5. Bc4 Nf6 6. h3 b5 7. Bd3 0-0 8. 0-0 Qc7 9. Bg5 Nbd7 10. Qd2 b4 11. Ne2 c5 12. c3 bxc3 13. bxc3 c4 14. Bc2 e5 15. Bh6 Rb8 16. Bxg7 Kxg7 17. Rfb1 Re8 18. Rxb8 Qxb8 19. Rb1 Qc7 20. Ng3 h6 21. Nh4 Nb6 22. d5 Bd7 23. Kh1 Qd8 24. Nf3 Kh7 25. Nh2 Qe7 26. Nhf1 Rg8 27. Ne3 Nh5 28. Nxh5 gxh5 29. Nf5 Bxf5 30. exf5 f6 31. a4 Qb7 32. Be4 Qa6 33. Rb4 Nxa4 34. Qa2 Nc5 35. Qxa6 Nxa6 36. Rb7+ Rg7 37. Rb5 Nc5 38. Bf3 Rc7 39. Be2 Ne4 40. Rb4 Nxf2+ 41. Kg1 Ne4 42. Rxc4 Rxc4 43. Bxc4 Nxc3 44. Kf1 h4 45. Ke1 h5 46. Kd2 0-1

[Event "Schleswig-Holstein-ch Seniors-A"]
[Site "Bad Segeberg"]
[Date "2018.03.28"]
[Round "5"]
[White "Kornrumpf, Joachim"]
[Black "Luebeck, Stephan"]
[Result "1-0"]
[WhiteElo "2035"]
[BlackElo "1957"]
[PlyCount "137"]
[EventDate "2018.03.24"]
[EventType "swiss"]
[EventRounds "9"]
[EventCountry "GER"]
[SourceTitle "EXT 2023"]
[Source "ChessBase"]
[SourceDate "2022.10.05"]
[SourceVersion "1"]
[SourceVersionDate "2022.10.05"]
[SourceQuality "1"]

1. b3 e5 2. Bb2 d6 3. e3 Nf6 4. c4 g6 5. d3 Bg7 6. Nf3 0-0 7. Nbd2 Nc6 8. a3 a5 9. Be2 Re8 10. 0-0 Bf5 11. Nh4 Bd7 12. Qc2 Qe7 13. Rfe1 g5 14. Nhf3 g4 15. Ng5 h6 16. Nge4 Nh7 17. Nc3 f5 18. Nd5 Qd8 19. b4 Ne7 20. f4 Nxd5 21. cxd5 axb4 22. axb4 Rxa1 23. Bxa1 exf4 24. Bxg7 Kxg7 25. Qc3+ Qf6 26. Qxc7 Re7 27. Nc4 fxe3 28. Nxd6 Ng5 29. Rf1 Qe5 30. Rxf5 Bxf5 31. Nxf5+ Qxf5 32. Qxe7+ Nf7 33. Qxe3 Qxd5 34. Bxg4 Qd6 35. Qe4 Qb6+ 36. Kf1 Qc7 37. h3 Qc1+ 38. Kf2 Qb2+ 39. Be2 b6 40. Qg4+ Kf8 41. Qf4 Kg7 42. Qg4+ Kf6 43. Kg1 Qa1+ 44. Bf1 Qc3 45. b5 Qc5+ 46. d4 Qc1 47. Qf3+ Kg7 48. Kh2 Kf8 49. d5 Qc7+ 50. Kh1 Qc1 51. d6 Ke8 52. Qa8+ Nd8 53. Qe4+ Kd7 54. Qe7+ Kc8 55. Kh2 Qf4+ 56. g3 Qf2+ 57. Bg2 Qc5 58. h4 Qc2 59. Kh3 Qf5+ 60. Kh2 Qc2 61. Qg7 h5 62. Qc7+ Qxc7 63. dxc7 Ne6 64. Bf3 Ng7 65. g4 hxg4 66. Bxg4+ Kxc7 67. h5 Ne8 68. h6 Nd6 69. Be6 1-0

[Event "Schleswig Holstein-ch Seniors op 10th"]
[Site "Buesum"]
[Date "2016.09.26"]
[Round "1"]
[White "Luebeck, Stephan"]
[Black "Moeller, Peter1111"]
[Result "1-0"]
[WhiteElo "2005"]
[BlackElo "1702"]
[PlyCount "49"]
[EventDate "2016.09.26"]
[EventType "swiss"]
[EventRounds "9"]
[EventCountry "GER"]
[SourceTitle "EXT 2019"]
[Source "ChessBase"]
[SourceDate "2018.10.10"]
[SourceVersion "1"]
[SourceVersionDate "2018.10.10"]
[SourceQuality "1"]

1. d4 Nf6 2. Nf3 c6 3. Bg5 e6 4. Nbd2 Be7 5. e3 d5 6. Bd3 Nbd7 7. 0-0 0-0 8. c3 Ne8 9. Bxe7 Qxe7 10. e4 dxe4 11. Nxe4 Nef6 12. Qe2 Nxe4 13. Qxe4 Nf6 14. Qh4 g6 15. Ng5 Re8 16. Rfe1 h5 17. Qg3 Ng4 18. Nf3 Kh7 19. h3 Nf6 20. Re5 Bd7 21. Rae1 Qf8 22. Rg5 Kh8 23. Ne5 Re7 24. Bxg6 Qh6 25. Bxf7 1-0

[Event "Vellmar op 8th"]
[Site "Vellmar"]
[Date "2016.07.31"]
[Round "6"]
[White "Lutz, Ruben"]
[Black "Luebeck, Stephan"]
[Result "1/2-1/2"]
[WhiteElo "1733"]
[BlackElo "2009"]
[PlyCount "76"]
[EventDate "2016.07.28"]
[EventType "swiss"]
[EventRounds "7"]
[EventCountry "GER"]
[SourceTitle "CBM 173 Extra"]
[Source "ChessBase"]
[SourceDate "2016.08.29"]
[SourceVersion "1"]
[SourceVersionDate "2016.08.29"]
[SourceQuality "1"]

1. d4 g6 2. Nf3 Bg7 3. c3 d6 4. Bg5 Nc6 5. Nbd2 h6 6. Bh4 g5 7. Bg3 e5 8. dxe5 dxe5 9. e4 Nge7 10. Be2 Be6 11. 0-0 Ng6 12. Nc4 Nf4 13. Bxf4 exf4 14. Qb3 Rb8 15. Rad1 Qe7 16. Qc2 b5 17. Na3 a6 18. Nd4 Ne5 19. Nxe6 fxe6 20. Bh5+ Kf8 21. Qe2 Bf6 22. Nc2 Rg8 23. h3 Kg7 24. Nd4 Rbd8 25. Bg4 Rd6 26. Bxe6 Rxd4 27. cxd4 f3 28. gxf3 Qxe6 29. dxe5 Bxe5 30. Kg2 Rf8 31. b3 Rf7 32. Rd5 c6 33. Rd3 h5 34. Rfd1 Qf6 35. Qe3 Bf4 36. Qd4 Be5 37. Qe3 Bf4 38. Qd4 Be5 1/2-1/2

[Event "Hofheim Spring op-A 4th"]
[Site "Hofheim"]
[Date "2016.04.02"]
[Round "8"]
[White "Huschens, Matthias"]
[Black "Luebeck, Stephan"]
[Result "0-1"]
[WhiteElo "1929"]
[BlackElo "2030"]
[PlyCount "45"]
[EventDate "2016.03.29"]
[EventType "swiss"]
[EventRounds "9"]
[EventCountry "GER"]
[SourceTitle "CBM 171 Extra"]
[Source "ChessBase"]
[SourceDate "2016.04.26"]
[SourceVersion "1"]
[SourceVersionDate "2016.04.26"]
[SourceQuality "1"]

1. d4 g6 2. Nf3 Bg7 3. Bf4 d6 4. c3 Nc6 5. h3 e5 6. Bh2 e4 7. Ng1 e3 8. fxe3 Qh4+ 9. g3 Qe4 10. Nf3 Qxe3 11. Qd3 Qc1+ 12. Kf2 Qxb2 13. Bg2 Qxa1 14. Qd2 Be6 15. d5 Bxd5 16. Qxd5 Qb2 17. Ng5 Nh6 18. g4 Qb6+ 19. e3 0-0 20. Bf4 Rae8 21. Kg3 Be5 22. Nd2 Qxe3+ 23. Qf3 0-1

[Event "Hofheim Spring op-A 4th"]
[Site "Hofheim"]
[Date "2016.03.31"]
[Round "5"]
[White "Luebeck, Stephan"]
[Black "Kopylov, Daniel"]
[Result "1/2-1/2"]
[WhiteElo "2030"]
[BlackElo "2128"]
[PlyCount "62"]
[EventDate "2016.03.29"]
[EventType "swiss"]
[EventRounds "9"]
[EventCountry "GER"]
[SourceTitle "CBM 171 Extra"]
[Source "ChessBase"]
[SourceDate "2016.04.26"]
[SourceVersion "1"]
[SourceVersionDate "2016.04.26"]
[SourceQuality "1"]

1. d4 d5 2. Nf3 Nf6 3. e3 g6 4. Nbd2 Bg7 5. b4 0-0 6. Bb2 b6 7. c4 Bb7 8. Be2 Ne4 9. 0-0 c5 10. cxd5 Nxd2 11. Qxd2 Qxd5 12. bxc5 bxc5 13. Rac1 cxd4 14. Bxd4 Bxd4 15. Qxd4 Qxd4 16. Nxd4 Ba6 17. Bxa6 Nxa6 18. Nc6 e6 19. Rfd1 Kg7 20. Rd4 Nc7 21. a4 Nd5 22. e4 Nf4 23. Kf1 g5 24. g3 Ng6 25. Rc5 h6 26. Rdc4 Kf6 27. Ke2 Rfc8 28. Ke3 Rxc6 29. Rxc6 Ne5 30. f4 Nxc4+ 31. Rxc4 Rb8 1/2-1/2

[Event "Hamburg St Pauli op-A"]
[Site "Hamburg"]
[Date "2015.07.18"]
[Round "1"]
[White "Luebeck, Stephan"]
[Black "Knauer, Frank"]
[Result "0-1"]
[WhiteElo "2099"]
[BlackElo "1830"]
[PlyCount "58"]
[EventDate "2015.07.18"]
[EventType "swiss"]
[EventRounds "9"]
[EventCountry "GER"]
[SourceTitle "EXT 2016"]
[Source "ChessBase"]
[SourceDate "2015.10.08"]
[SourceVersion "1"]
[SourceVersionDate "2015.10.08"]
[SourceQuality "1"]

1. d4 d6 2. Nf3 g6 3. e4 Nf6 4. Nbd2 Bg7 5. Bd3 Nc6 6. c3 0-0 7. 0-0 e5 8. h3 exd4 9. cxd4 Nd7 10. Nb3 Nb6 11. Be3 Nb4 12. Be2 f5 13. Qd2 a5 14. a3 Nc6 15. d5 fxe4 16. dxc6 exf3 17. Bxf3 Rxf3 18. gxf3 bxc6 19. Bg5 Qf8 20. Rfe1 Bxh3 21. Qe2 Nd5 22. Nd2 Be5 23. Nc4 Re8 24. Ne3 Bf4 25. Bxf4 Qxf4 26. Ng2 Qg5 27. Qf1 Rxe1 28. Rxe1 Nf4 29. Kh2 Bxg2 0-1